LEADER 01349nam--2200385---450- 001 990002911390203316 005 20070426132649.0 035 $a000291139 035 $aUSA01000291139 035 $a(ALEPH)000291139USA01 035 $a000291139 100 $a20070426d1966----km-y0itay50------ba 101 $afre 102 $aPO 105 $a||||||||001yy 200 1 $aArchaeologia urbium$eCorpus des ensembles archeologiques des villes du hau moyen age$ePologne$fpublié par le comitè de recherches sur les origines des villes sous la direction de Witold Hensel 210 $aWarszawa$cPanstwowe Wydawnictwo Naukowe$d1966- 215 $av.$d35 cm 300 $aIn testa al front. : Union Internationale des Sciences Prehistoriques et Protohistoriques 327 1 $a : La ville de Szczecin de 9.-13. siècles / par L. Leciejewicz...[et al.], 1972 410 0$12001 454 1$12001 461 1$1001-------$12001 517 $a<> ville de Szczecin de 9.-13. siècles 606 0 $aArcheologia$yPolonia$zSec. 9.-13. 676 $a943.8 700 1$aHENSEL,$bWitold$0155572 801 0$aIT$bsalbc$gISBD 912 $a990002911390203316 951 $aC II d 11$bDLM$cC II 959 $aBK 969 $aDILAM 979 $aDILAM$b90$c20070426$lUSA01$h1326 996 $aArchaeologia urbium$9988507 997 $aUNISA LEADER 01292nam 2200361Ka 450 001 9910694867803321 005 20060302170146.0 035 $a(CKB)5470000002365030 035 $a(OCoLC)64434567 035 $a(EXLCZ)995470000002365030 100 $a20060302d1999 ua 0 101 0 $aeng 181 $ctxt$2rdacontent 182 $cc$2rdamedia 183 $acr$2rdacarrier 200 00$aBASINS technical note 1$b[electronic resource] $ecreating hydraulic function tables (FTABLES) for reservoirs in BASINS 210 1$a[Washington, D.C.] :$cUnited States Environmental Protection Agency, Office of Water,$d[1999] 215 $a12 pages $cdigital, PDF file 300 $aTitle from title screen (viewed on Mar. 2, 2006). 300 $a"January 1999." 300 $a"EPA-823-R-99-006." 320 $aIncludes bibliographical references. 517 $aBASINS technical note 1 606 $aReservoirs$xComputer simulation$vHandbooks, manuals, etc 608 $aHandbooks and manuals.$2lcgft 615 0$aReservoirs$xComputer simulation 712 02$aUnited States.$bEnvironmental Protection Agency.$bOffice of Water. 801 0$bGPO 801 1$bGPO 906 $aBOOK 912 $a9910694867803321 996 $aBASINS technical note 1$93427415 997 $aUNINA